000
00213nam a22000857a 4500
008
160908b xxu||||| |||| 00| 0 eng d
100
_9
328
_a
Goscinny R
245
_a
The class act
260
_a
USA
_b
Orion publication
_c
2004
999
_c
2988
_d
2988